[Event "Flint (MI Senior/2/3)"]
[Site "?"]
[Date "1994.??.??"]
[Round "?"]
[White "Swartz, J."]
[Black "Pence, Mark"]
[Result "0-1"]
[WhiteElo "1630"]
[BlackElo "2125"]
[PlyCount "102"]
[EventDate "1994.??.??"]

{2/(3)} 1. d4 Nf6 2. c4 e6 3. Nc3 d5 4. Nf3 Be7 5. e3 O-O 6. Bd3 dxc4 7. Bxc4
b6 8. O-O Bb7 9. Re1 c5 10. e4 cxd4 11. Qxd4 Nc6 12. Qxd8 Rfxd8 13. Bf4 Nd4 14.
Bb3 Bb4 15. Nd2 Rac8 16. f3 Bxc3 17. bxc3 Rxc3 18. Kf2 h6 19. Rac1 Rcc8 20. Nc4
Ne8 21. g4 Ba6 22. g5 Nxb3 23. axb3 Bxc4 24. bxc4 hxg5 25. Bxg5 f6 26. Be3 e5
27. c5 bxc5 28. Rxc5 Rxc5 29. Bxc5 a6 30. Ra1 Rc8 31. Bb6 Ra8 32. Ra5 Nd6 33.
Rd5 Nc4 34. Rd8+ Rxd8 35. Bxd8 a5 36. Be7 a4 37. Bb4 a3 38. Ke2 a2 39. Bc3 Na5
40. Kd3 Nb3 41. Kc2 Nd4+ 42. Kb2 Nxf3 43. h3 Ng5 44. Kxa2 Nxe4 45. Be1 Ng5 46.
h4 Nf3 47. Bg3 Kh7 48. Kb3 Kg6 49. Kc3 Kh5 50. Kd3 Nxh4 51. Ke3 Nf5+ 0-1

[Event "Ann Arbor (MLS Jul-Aug)"]
[Site "?"]
[Date "1994.??.??"]
[Round "?"]
[White "Swain, H."]
[Black "Brotherton, D."]
[Result "0-1"]
[WhiteElo "1605"]
[BlackElo "1605"]
[PlyCount "116"]
[EventDate "1994.??.??"]

1. e4 c6 2. d4 d5 3. Nc3 dxe4 4. Nxe4 Nd7 5. Nf3 Ngf6 6. Bc4 Nxe4 7. O-O e6 8.
Qe2 Ndf6 9. c3 Be7 10. Ng5 Nxg5 11. Bxg5 O-O 12. Rad1 Qc7 13. Rd3 c5 14. Rg3
Rd8 15. Bh6 g6 16. Rd1 cxd4 17. Rxd4 Rxd4 18. cxd4 Bd7 19. d5 Bf8 20. dxe6 Bxe6
21. Bxe6 Bxh6 22. Rc3 Qe7 23. Bc4 Qxe2 24. Bxe2 Re8 25. Kf1 Kf8 26. Rc7 Re7 27.
Rc8+ Re8 28. Rc7 Re7 29. Rc8+ Kg7 30. g3 Bd2 31. Bf3 Bb4 32. a3 Bd6 33. b4 b6
34. Rd8 Rd7 35. Rc8 Rc7 36. Rd8 Bf8 37. Rd4 Rc3 38. Be2 Rxa3 39. b5 Bc5 40. Rd3
Rxd3 41. Bxd3 Ng4 42. Kg2 Nxf2 43. Bc4 Nd1 44. Kf3 Nc3 45. h4 f6 46. g4 h6 47.
h5 gxh5 48. gxh5 f5 49. Kf4 Kf6 50. Bd3 Nd5+ 51. Kf3 Kg5 52. Bc4 Nc3 53. Bd3
Kxh5 54. Kf4 Kh4 55. Kxf5 h5 56. Ke5 Kg3 57. Ke6 h4 58. Kd7 h3 0-1

[Event "Detroit (MCO/C/2a/2)"]
[Site "?"]
[Date "1994.??.??"]
[Round "?"]
[White "Sunts, A."]
[Black "Strenio, G."]
[Result "0-1"]
[WhiteElo "1605"]
[BlackElo "1605"]
[PlyCount "80"]
[EventDate "1994.??.??"]

1. e4 c5 2. Nf3 e6 3. Be2 Qc7 4. c4 g6 5. d4 cxd4 6. Qxd4 f6 7. Be3 Bg7 8. Nc3
a6 9. O-O Nc6 10. Qb6 Qxb6 11. Bxb6 Nge7 12. a3 O-O 13. Bc5 f5 14. Bxe7 Nxe7
15. Rab1 fxe4 16. Nxe4 d5 17. cxd5 exd5 18. Nd6 Nc6 19. Rfd1 d4 20. Bc4+ Kh8
21. Ng5 h6 22. Ne6 Bxe6 23. Bxe6 Rab8 24. Rd3 Kh7 25. h4 Rf6 26. Re1 Nd8 27.
Nxb7 Rxe6 28. Rxe6 Nxe6 29. Nd6 Rxb2 30. h5 Rb1+ 31. Kh2 g5 32. g3 Nc5 33. Rd2
d3 34. Ne8 Bc3 35. Ra2 d2 36. Rxd2 Bxd2 37. Nf6+ Kg7 38. Ng4 Ra1 39. a4 Rxa4
40. Kh3 Rxg4 0-1

[Event "Warren (Warmup"]
[Site "?"]
[Date "1994.??.??"]
[Round "?"]
[White "Sunts, A."]
[Black "Haragely, C."]
[Result "1-0"]
[WhiteElo "1605"]
[BlackElo "1605"]
[PlyCount "71"]
[EventDate "1994.??.??"]

1. e4 e5 2. Bc4 Nf6 3. Nc3 Nc6 4. a3 Bc5 5. Nf3 d6 6. b4 Bd4 7. Bd3 O-O 8. Nxd4
Nxd4 9. Nd5 Bg4 10. f3 Be6 11. Nxf6+ Qxf6 12. O-O Qg6 13. Kh1 f5 14. c3 Nb3 15.
Rb1 Nxc1 16. Rxc1 fxe4 17. Bxe4 Bf5 18. Bxb7 Rab8 19. Bd5+ Kh8 20. c4 Bd3 21.
Rg1 Qh5 22. Qe1 Rf6 23. Qf2 Rh6 24. g4 Qg5 25. Qe3 Qh4 26. Rg2 Bg6 27. Qxa7 Rf8
28. Qe3 Bf7 29. b5 Bxd5 30. cxd5 Qh3 31. Rxc7 g6 32. Rc3 e4 33. Qxe4 Ra8 34. b6
Ra5 35. Rc8+ Kg7 36. Qe7# 1-0

[Event "Detroit (MOR/5/21)"]
[Site "?"]
[Date "1994.??.??"]
[Round "?"]
[White "Sunts, A."]
[Black "Gregory, Kevin"]
[Result "0-1"]
[WhiteElo "1605"]
[BlackElo "1745"]
[PlyCount "98"]
[EventDate "1994.??.??"]

{5/(21)} 1. e4 c5 2. Nf3 d6 3. Bc4 Nf6 4. Nc3 a6 5. h3 b5 6. Bd5 Nxd5 7. exd5
Bb7 8. O-O b4 9. Na4 Bxd5 10. d4 Bc6 11. b3 Bxa4 12. bxa4 c4 13. Qe2 d5 14. Bf4
e6 15. Bxb8 Rxb8 16. Ne5 Qc7 17. a5 Bd6 18. Ng4 O-O 19. Qf3 Qe7 20. Rae1 Rb5
21. Ne3 Qf6 22. Qxf6 gxf6 23. f4 f5 24. Rf3 Rxa5 25. Ra1 Ra3 26. g4 fxg4 27.
hxg4 Bxf4 28. Kf2 Bxe3+ 29. Rxe3 Ra4 30. Kf3 Rb8 31. Kf4 Kg7 32. g5 Ra5 33. Ke5
Rb6 34. Rh3 Rb8 35. Rah1 Rh8 36. Rf3 Rxa2 37. Rhf1 Rf8 38. R1f2 b3 39. cxb3
Rxf2 40. Rxf2 cxb3 41. Rb2 Rb8 42. Kd6 Kg6 43. Kc7 Rb4 44. Kd6 a5 45. Kc5 Rb8
46. Kd6 a4 47. Ke5 a3 48. Rf2 b2 49. Rf6+ Kg7 0-1

[Event "Eastpointe (EDO/4/16)"]
[Site "?"]
[Date "1994.??.??"]
[Round "?"]
[White "Sunts, A."]
[Black "Golonka, Stan"]
[Result "0-1"]
[WhiteElo "1605"]
[BlackElo "1935"]
[PlyCount "82"]
[EventDate "1994.??.??"]

{4/(16)} 1. e4 c5 2. Nf3 Nc6 3. c4 e5 4. Nc3 d6 5. Be2 g6 6. d3 Bg7 7. h3 Nge7
8. O-O O-O 9. a3 f5 10. Rb1 a5 11. Nh2 f4 12. Bg4 Nd4 13. Bxc8 Rxc8 14. Nf3
Nec6 15. Nb5 Ne6 16. Nh2 Qe7 17. Nc3 Ncd4 18. Nf3 Nxf3+ 19. Qxf3 Nd4 20. Qg4
Qf7 21. Nb5 Nxb5 22. cxb5 Qb3 23. Qd1 Qxb5 24. a4 Qd7 25. Qb3+ Kh8 26. Bd2 f3
27. g4 h5 28. Kh2 hxg4 29. Rg1 gxh3 30. Rxg6 Qf7 31. Qxf7 Rxf7 32. Rxd6 Bf8 33.
Re6 Rd8 34. Bc3 Rxd3 35. Bxe5+ Bg7 36. Bxg7+ Rxg7 37. Rh6+ Kg8 38. Rxh3 Rg2+
39. Kh1 Rxf2 40. Rg1+ Kf7 41. Rh7+ Kf6 {[Remainder illegible; 0-1, 60?]} 0-1

[Event "Detroit (MOR/3/12)"]
[Site "?"]
[Date "1994.??.??"]
[Round "?"]
[White "Sunts, A."]
[Black "Falkowski, Kenneth"]
[Result "0-1"]
[WhiteElo "1605"]
[BlackElo "1700"]
[PlyCount "184"]
[EventDate "1994.??.??"]

{3/(12)} 1. e4 d6 2. d4 c6 3. Be2 Nf6 4. Bf3 Qc7 5. Nc3 e5 6. d5 c5 7. h3 a6 8.
Bg5 Nbd7 9. Nge2 b5 10. a3 Be7 11. Bxf6 Nxf6 12. Ng3 Bd7 13. O-O O-O 14. Nf5
Bxf5 15. exf5 Rfc8 16. g4 h6 17. Ne4 Nxe4 18. Bxe4 Bg5 19. Qf3 Qe7 20. b3 a5
21. c4 bxc4 22. bxc4 Rcb8 23. Rfb1 Qa7 24. a4 Rb4 25. Rxb4 cxb4 26. Rb1 Qd4 27.
Qd3 Qc5 28. Rb2 Qd4 29. Qxd4 exd4 30. Bd3 Re8 31. Kg2 Re1 32. Re2 Rxe2 33. Bxe2
Kf8 34. Bd3 Ke8 35. Kf3 Bd2 36. Ke4 Bc3 37. Bc2 Ke7 38. f3 Kf6 39. h4 Ke7 40.
f4 Kd7 41. g5 Be1 42. gxh6 gxh6 43. h5 Bf2 44. f6 Kc7 45. Bb3 Kb6 46. Kd3 Kc5
47. Ke4 Bh4 48. Kd3 Bg3 49. Ke4 Be1 50. Kd3 Bc3 51. f5 Be1 52. Ke4 Bh4 53. Kd3
Bxf6 54. Ke4 Bg5 55. Kd3 Be3 56. Ke4 Kb6 57. Kd3 Kc7 58. Ke4 Kd7 59. Bc2 Ke7
60. Bd1 Kf6 61. Bc2 Kg5 62. Bd1 b3 63. Bxb3 Kxh5 64. Bd1+ Kg5 65. c5 dxc5 66.
d6 Kh4 67. d7 Bg5 68. Kd5 Be7 69. d8=Q Bxd8 70. Kxc5 Bf6 71. Kd5 Kg5 72. Ke4 h5
73. Bc2 h4 74. Kf3 h3 75. Kg3 h2 76. Kxh2 Kf4 77. Kg2 Ke3 78. Kf1 Kd2 79. Bb3
Be7 80. Bxf7 d3 81. Ba2 Bh4 82. Bd5 Kc2 83. Be4 Kd2 84. Bc6 Kc1 85. Bf3 d2 86.
Kg2 d1=Q 87. Bxd1 Kxd1 88. Kf3 Kc2 89. Ke4 Kb3 90. Kd3 Kxa4 91. Kc2 Bf6 92. Kb1
Kb3 0-1

[Event "Detroit (MCO/C/4/9)"]
[Site "?"]
[Date "1994.??.??"]
[Round "?"]
[White "Sunts, A."]
[Black "Cooper, Willie"]
[Result "1-0"]
[WhiteElo "1605"]
[BlackElo "1605"]
[PlyCount "115"]
[EventDate "1994.??.??"]

{4/(9)} 1. e4 e5 2. Nf3 Nc6 3. c3 Nf6 4. d3 Be7 5. Be2 O-O 6. h3 d5 7. exd5
Nxd5 8. d4 e4 9. Ne5 e3 10. Nd3 Bg5 11. Na3 exf2+ 12. Nxf2 Ne3 13. Bxe3 Bxe3
14. Nc4 Bxf2+ 15. Kxf2 Qh4+ 16. g3 Qf6+ 17. Kg2 Be6 18. d5 Rad8 19. Bf3 Ne5 20.
Nxe5 Qxe5 21. Re1 Qf5 22. g4 Qg5 23. c4 c6 24. Qc1 Qxc1 25. Raxc1 cxd5 26. cxd5
Bxd5 27. Bxd5 Rxd5 28. Rc2 g5 29. Re7 Rb5 30. b3 a5 31. Re4 Kg7 32. Rec4 Re5
33. a3 Re3 34. R4c3 Rxc3 35. Rxc3 b5 36. Rc5 Rb8 37. Rxg5+ Kf6 38. Rc5 Rb6 39.
h4 h6 40. Kf3 a4 41. b4 Kg6 42. h5+ Kf6 43. Kf4 Kg7 44. g5 hxg5+ 45. Rxg5+ Kh6
46. Rf5 f6 47. Rc5 Kg7 48. Ke4 Kh6 49. Rf5 Kg7 50. Kd5 Kf7 51. Kc5 Rb8 52. Kc6
Ke6 53. Rxb5 Rxb5 54. Kxb5 f5 55. Kc4 Ke5 56. Kd3 Kf4 57. Ke2 Kg4 58. b5 1-0

[Event "Detroit (MOR/1b/21)"]
[Site "?"]
[Date "1994.??.??"]
[Round "?"]
[White "Sunts, A."]
[Black "Choate, Dan"]
[Result "1-0"]
[WhiteElo "1605"]
[BlackElo "1605"]
[PlyCount "53"]
[EventDate "1994.??.??"]

1. e4 e5 2. Nf3 f6 3. Bc4 Ne7 4. c3 c6 5. d4 d5 6. exd5 cxd5 7. Bb5+ Nec6 8.
dxe5 a6 9. Bxc6+ bxc6 10. exf6 Qxf6 11. O-O Bg4 12. Qd3 Bxf3 13. Qxf3 Be7 14.
Qh5+ g6 15. Qh3 O-O 16. Be3 c5 17. Bh6 Rd8 18. Nd2 c4 19. Nf3 Bf8 20. Bg5 Qd6
21. Bxd8 Qxd8 22. Rfe1 Nc6 23. Qe6+ Kh8 24. Qxc6 Be7 25. Rxe7 Rc8 26. Qf6+ Kg8
27. Qg7# 1-0

[Event "Detroit (MOR/7/35)"]
[Site "?"]
[Date "1994.??.??"]
[Round "?"]
[White "Sunts, A."]
[Black "Biondo, Albert"]
[Result "1-0"]
[WhiteElo "1605"]
[BlackElo "1605"]
[PlyCount "100"]
[EventDate "1994.??.??"]

{7/(35)} 1. e4 e5 2. Bc4 Nf6 3. d3 Bc5 4. Nf3 Nc6 5. Bg5 h6 6. Bh4 O-O 7. O-O
d6 8. Nc3 g5 9. Bg3 a6 10. Kh1 b5 11. Bd5 Bd7 12. Bxc6 Bxc6 13. a3 Nh5 14. b4
Bb6 15. Ne2 Qf6 16. Nc3 Nxg3+ 17. fxg3 Qe6 18. Qd2 Qg4 19. Nd5 f5 20. Ne7+ Kh7
21. Nxf5 Rf7 22. h3 Qh5 23. g4 Qg6 24. Kh2 d5 25. Nxe5 Qe6 26. Nxf7 Qxf7 27.
Nd4 Qg6 28. Nxc6 Qxc6 29. e5 Bd4 30. Rae1 Bc3 31. Qe2 Bxe1 32. Rxe1 Re8 33. d4
Qc3 34. Qd3+ Qxd3 35. cxd3 Rf8 36. Rc1 Rf7 37. Rc6 Rf4 38. Rxc7+ Kg6 39. Rc6+
Kf7 40. Rxa6 Rxd4 41. Rb6 Rxd3 42. Rxb5 Ke6 43. a4 Kxe5 44. a5 Ke4 45. a6 Ra3
46. Rb6 d4 47. b5 d3 48. Rd6 Ke3 49. Rd7 d2 50. a7 Rd3 1-0

[Event "Warren (Warmup"]
[Site "?"]
[Date "1994.??.??"]
[Round "?"]
[White "Sunts, A."]
[Black "Allen, D."]
[Result "1-0"]
[WhiteElo "1605"]
[BlackElo "1605"]
[PlyCount "74"]
[EventDate "1994.??.??"]

1. e4 d5 2. exd5 Nf6 3. Bc4 c6 4. dxc6 Nxc6 5. c3 e5 6. h3 Bc5 7. Nf3 e4 8. Nh2
O-O 9. O-O Qc7 10. d4 exd3 11. Be3 Ne5 12. Bxc5 Qxc5 13. Bxd3 Be6 14. Be2 Rad8
15. Qc2 Bd5 16. Nd2 Rd6 17. Bf3 Re8 18. Bxd5 Rxd5 19. Ne4 Nxe4 20. Qxe4 Nc4 21.
Rfe1 Rd2 22. Kh1 Rxb2 23. Ng4 f5 24. Qe6+ Kf8 25. Ne5 Nd2 26. Nd3 Qb6 27. Nxb2
Ne4 28. Qxb6 axb6 29. c4 Nxf2+ 30. Kg1 Ne4 31. Rad1 Nc3 32. Rd7 Ne4 33. Rxb7 h6
34. g4 Nc5 35. Ra7 Rd8 36. Rd1 Re8 37. Kf1 Kg8 {[Remainder illegible; 1-0, 46?]
} 1-0

[Event "Detroit (MCO/A/4/3)"]
[Site "?"]
[Date "1994.??.??"]
[Round "?"]
[White "Sukcharoenphon, T."]
[Black "Ramas, C."]
[Result "1-0"]
[WhiteElo "1900"]
[BlackElo "1950"]
[PlyCount "81"]
[EventDate "1994.??.??"]

{4/(3)} 1. e4 e5 2. Nf3 d6 3. d4 Nd7 4. c4 exd4 5. Nxd4 Ngf6 6. Nc3 Nc5 7. f3
a5 8. b3 Be7 9. Be2 O-O 10. Be3 c6 11. O-O Qc7 12. Rc1 Re8 13. Qd2 Bd7 14. Rfd1
Rad8 15. Kh1 Bc8 16. Qe1 b6 17. Qf2 Nfd7 18. f4 Bf8 19. Bf3 Nf6 20. Nde2 Ng4
21. Bxg4 Bxg4 22. Bxc5 dxc5 23. e5 Be7 24. h3 Bf5 25. Ng3 Bh4 26. Qf3 Bxg3 27.
Qxg3 Rd4 28. Ne2 Rxd1+ 29. Rxd1 Rd8 30. Qe1 Rxd1 31. Qxd1 Qd7 32. Qxd7 Bxd7 33.
Kg1 Bf5 34. Kf2 b5 35. Kf3 Kf8 36. Nc3 Bd7 37. Ne4 Bf5 38. g4 Bxe4+ 39. Kxe4 f6
40. f5 fxe5 41. Kxe5 1-0

[Event "Detroit (MCO/A/3a/2)"]
[Site "?"]
[Date "1994.??.??"]
[Round "?"]
[White "Sukcharoenphon, T."]
[Black "Golonka, Stan"]
[Result "1/2-1/2"]
[WhiteElo "1900"]
[BlackElo "1925"]
[PlyCount "87"]
[EventDate "1994.??.??"]

1. e4 c5 2. Nf3 Nc6 3. d4 cxd4 4. Nxd4 e5 5. Nb3 Nf6 6. Bd3 Be7 7. O-O O-O 8.
c3 d5 9. N1d2 dxe4 10. Nxe4 Nxe4 11. Bxe4 f5 12. Qxd8 Rxd8 13. Bxc6 bxc6 14.
Re1 a5 15. Nd2 Bf6 16. f3 Be6 17. Nf1 Rab8 18. Ng3 g6 19. Ne2 a4 20. Kf2 Kf7
21. b4 axb3 22. axb3 Rxb3 23. Ra7+ Rd7 24. Rxd7+ Bxd7 25. Rd1 Rb7 26. Be3 Be7
27. Rd2 Be6 28. f4 g5 29. g3 gxf4 30. gxf4 Bh4+ 31. Ng3 e4 32. Bd4 Rd7 33. Ke2
Bf6 34. Bxf6 Rxd2+ 35. Kxd2 Kxf6 36. Nf1 Kg6 37. Ng3 Bc4 38. Ke3 c5 39. Kd2 Bd3
40. Ke3 Kf6 41. Kd2 Bc4 42. Ke3 Bf7 43. Kd2 Ke6 44. Nf1 1/2-1/2

[Event "Detroit (MCO/A/7/2)"]
[Site "?"]
[Date "1994.??.??"]
[Round "?"]
[White "Sukcharoenphon, T."]
[Black "Garrison, Ray"]
[Result "0-1"]
[WhiteElo "1900"]
[BlackElo "1915"]
[PlyCount "104"]
[EventDate "1994.??.??"]

{7/(2)} 1. e4 e6 2. d4 d5 3. Nd2 Nf6 4. Bd3 c5 5. dxc5 dxe4 6. Nxe4 Nxe4 7.
Bxe4 Qxd1+ 8. Kxd1 Bxc5 9. Ke2 f5 10. Bd3 Nc6 11. Bb5 Bd7 12. Bxc6 Bxc6 13. Nf3
Bb5+ 14. Ke1 O-O 15. Be3 Bd6 16. Rd1 Bc7 17. Nd4 Bc4 18. b3 Ba5+ 19. Bd2 Bb6
20. Ne2 Bd5 21. f3 Rad8 22. c4 Bc6 23. Bg5 Rxd1+ 24. Kxd1 h6 25. Bf4 g5 26. Be5
Be3 27. Nc3 f4 28. Ke2 Rf5 29. Bc7 Rf7 30. Be5 Rf5 31. Bc7 Bd4 32. Nd1 Be8 33.
Nf2 Rc5 34. Bd6 Rc6 35. Be7 Kf7 36. Bb4 Ra6 37. a4 Rb6 38. Nd3 a5 39. c5 Rxb4
40. Nxb4 axb4 41. Rc1 Bc3 42. Kd3 Ke7 43. Kc4 Bc6 44. Rb1 Kd7 45. a5 Kc7 46.
Rd1 Bd5+ 47. Rxd5 exd5+ 48. Kxd5 Kd7 49. c6+ bxc6+ 50. Kc5 Kc7 51. a6 Be1 52.
a7 Kb7 0-1

[Event "Detroit (MCO/DEU/2b/9)"]
[Site "?"]
[Date "1994.??.??"]
[Round "?"]
[White "Sturgis, Derreck"]
[Black "Zulauf, M."]
[Result "0-1"]
[WhiteElo "1605"]
[BlackElo "1605"]
[PlyCount "76"]
[EventDate "1994.??.??"]

1. e4 c5 2. Nf3 Nc6 3. d4 cxd4 4. Nxd4 Nxd4 5. Qxd4 g6 6. c4 f6 7. e5 Bg7 8. f4
d6 9. e6 Bxe6 10. Be2 Bf5 11. Nc3 Nh6 12. h3 O-O 13. Qd5+ e6 14. Qxb7 Rf7 15.
Qf3 Rc7 16. Be3 Qe8 17. Nb5 Rd7 18. Nd4 e5 19. fxe5 fxe5 20. Qd5+ Nf7 21. Nxf5
gxf5 22. Bh5 f4 23. Bd2 Rc7 24. Bxf7+ Rxf7 25. O-O Kf8 26. Bb4 Rf6 27. Bxd6+
Rxd6 28. Qxd6+ Kf7 29. Qd5+ Kf8 30. Rac1 Rd8 31. Qc5+ Kf7 32. Qxa7+ Rd7 33. Qa3
Bf8 34. Qb3 Bc5+ 35. Kh2 Qa8 36. g3 Rd2+ 37. Rf2 Rxf2+ 38. Kg1 Qg2# 0-1

[Event "Detroit (CAO/6/11)"]
[Site "?"]
[Date "1994.??.??"]
[Round "?"]
[White "Sturgis, Derreck"]
[Black "Walquist, Elaine"]
[Result "0-1"]
[WhiteElo "1605"]
[BlackElo "1605"]
[PlyCount "100"]
[EventDate "1994.??.??"]

{6/(11)} 1. e4 d5 2. exd5 Nf6 3. d4 Nxd5 4. c4 Nb6 5. Nf3 Bg4 6. Be2 g6 7. Ne5
Bxe2 8. Qxe2 Qxd4 9. Be3 Qxe5 10. Bxb6 Qxe2+ 11. Kxe2 axb6 12. Re1 Bg7 13. Nc3
Bxc3 14. bxc3 O-O 15. Kf1 Nc6 16. Re3 f5 17. g3 Ra4 18. c5 bxc5 19. Rd3 Rd8 20.
Rad1 Rd6 21. Rxd6 cxd6 22. Rd2 Ra3 23. Rc2 Kf7 24. Ke2 e5 25. Rd2 Ke6 26. c4
Nd4+ 27. Kd1 Nf3 28. Rb2 Nxh2 29. Rxb7 h5 30. Rb2 Rc3 31. a4 Ra3 32. a5 Rxa5
33. Rb6 Ra4 34. Rb8 Rxc4 35. Rg8 Kf7 36. Rd8 Rd4+ 37. Ke2 Ng4 38. f3 Nf6 39.
Rc8 g5 40. Rc7+ Ke6 41. Rg7 g4 42. fxg4 hxg4 43. Rc7 f4 44. gxf4 exf4 45. Rc6
f3+ 46. Kf2 Rd2+ 47. Ke1 f2+ 48. Kf1 g3 49. Kg2 Rd1 50. Rb6 f1=Q+ 0-1

[Event "Detroit (Class DE/1/3)"]
[Site "?"]
[Date "1994.??.??"]
[Round "?"]
[White "Sturgis, Derreck"]
[Black "Spencer, Gordon"]
[Result "0-1"]
[WhiteElo "1605"]
[BlackElo "1605"]
[PlyCount "118"]
[EventDate "1994.??.??"]

{1/(3)} 1. e4 c5 2. Nf3 d6 3. d4 cxd4 4. Nxd4 Nc6 5. Bb5 Bd7 6. c4 e5 7. Nf5
Bxf5 8. exf5 Nf6 9. O-O Be7 10. Nc3 O-O 11. Nd5 Nd4 12. Nxe7+ Qxe7 13. Qd3 Nxb5
14. cxb5 Rfd8 15. b3 Rac8 16. Ba3 Ne8 17. Rfe1 f6 18. Qd5+ Qf7 19. Qxf7+ Kxf7
20. Rac1 b6 21. Rxc8 Rxc8 22. Rc1 Rxc1+ 23. Bxc1 d5 24. Kf1 Nd6 25. g4 Nxb5 26.
Bb2 Nd6 27. f3 b5 28. Ke2 a6 29. Kd3 g5 30. h3 Ke7 31. Ba3 Kd7 32. Bc5 Nb7 33.
Bb4 a5 34. Be1 b4 35. h4 h6 36. hxg5 hxg5 37. Bd2 Nc5+ 38. Ke2 Kd6 39. Bc1 Na6
40. Kd3 Nc7 41. a4 Na6 42. Be3 d4 43. Bf2 Kd5 44. Kc2 Nc5 45. Kb2 Nd3+ 46. Kc2
Nxf2 47. Kd2 e4 48. fxe4+ Kxe4 49. Ke2 Nxg4 50. Kd2 Ne5 51. Ke2 Kxf5 52. Kd2
Ke4 53. Kc2 Ke3 54. Kd1 f5 55. Ke1 f4 56. Kf1 d3 57. Ke1 g4 58. Kd1 g3 59. Ke1
g2 0-1

[Event "Detroit (MCO/DEU/7/8)"]
[Site "?"]
[Date "1994.??.??"]
[Round "?"]
[White "Sturgis, Derreck"]
[Black "Rucker, Ed"]
[Result "1-0"]
[WhiteElo "1605"]
[BlackElo "1605"]
[PlyCount "75"]
[EventDate "1994.??.??"]

{7/(8)} 1. Nf3 d5 2. g3 Nf6 3. Bg2 e6 4. O-O Bc5 5. d3 h6 6. Bf4 O-O 7. Nbd2
Nbd7 8. e4 dxe4 9. dxe4 Bd6 10. e5 Bxe5 11. Bxe5 b6 12. Re1 Bb7 13. h4 Rb8 14.
Nh2 Bxg2 15. Kxg2 Nc5 16. g4 Qd5+ 17. Ndf3 Nce4 18. Bxf6 Nxf6 19. Qxd5 Nxd5 20.
Kg3 Rbd8 21. a3 f5 22. g5 f4+ 23. Kg2 Rde8 24. gxh6 Rf6 25. h7+ Kxh7 26. Ng5+
Kg6 27. Ng4 Rff8 28. Nxe6 Rh8 29. Ne5+ Kf6 30. Ng5 Rxh4 31. Nd7+ Kxg5 32. Rxe8
Rg4+ 33. Kf3 Rh4 34. Re5+ Kh6 35. Rxd5 g5 36. Rg1 Rh3+ 37. Ke4 Kh5 38. Rdxg5+
1-0

[Event "Detroit (CAO/2/7)"]
[Site "?"]
[Date "1994.??.??"]
[Round "?"]
[White "Sturgis, Derreck"]
[Black "Reeves, Andre"]
[Result "0-1"]
[WhiteElo "1605"]
[BlackElo "1715"]
[PlyCount "90"]
[EventDate "1994.??.??"]

{2/(7)} 1. e4 e6 2. d4 d5 3. e5 c5 4. c3 Nc6 5. Nf3 Qb6 6. Nbd2 cxd4 7. cxd4
Nxd4 8. Nxd4 Qxd4 9. Nf3 Qxd1+ 10. Kxd1 Bd7 11. Bg5 Bc5 12. Ke1 Ne7 13. Rc1 Rc8
14. a3 a5 15. Bd3 b5 16. Ke2 O-O 17. h4 b4 18. axb4 Bxb4 19. h5 h6 20. Be3 Nf5
21. Bd2 Rb8 22. g4 Ne7 23. Be3 f6 24. exf6 gxf6 25. Nh4 e5 26. f3 Bd6 27. Bxh6
Rxb2+ 28. Bd2 e4 29. fxe4 Bxg4+ 30. Ke3 d4+ 31. Kf2 Rxd2+ 32. Ke1 Rxd3 33. Rg1
Bg3+ 34. Kf1 Bh3+ 35. Ke2 Re3+ 36. Kd2 Rb8 37. Nf5 Nxf5 38. exf5 Rb2+ 39. Rc2
Rxc2+ 40. Kxc2 Bxf5+ 41. Kd2 Kh7 42. Rg2 Bh3 43. Rg1 Rf3 44. Rh1 Bg2 45. Rc1
Bf4+ 0-1

[Event "Detroit (MCO/DEU/6/11)"]
[Site "?"]
[Date "1994.??.??"]
[Round "?"]
[White "Sturgis, Derreck"]
[Black "Prince, S."]
[Result "1-0"]
[WhiteElo "1605"]
[BlackElo "1605"]
[PlyCount "119"]
[EventDate "1994.??.??"]

{6/(11)} 1. e4 c5 2. Nf3 d6 3. d3 Nc6 4. c4 Nf6 5. b3 g6 6. g3 Bg7 7. Bb2 O-O
8. Nbd2 Bg4 9. h3 Bxf3 10. Nxf3 Qa5+ 11. Qd2 Qc7 12. Bc3 a6 13. g4 b5 14. Be2
e5 15. Nh2 bxc4 16. bxc4 Nd4 17. Bd1 Rab8 18. g5 Nd7 19. Ng4 Kh8 20. h4 f5 21.
gxf6 Nxf6 22. Nh6 Bxh6 23. Qxh6 Qf7 24. Bxd4 exd4 25. Rh2 Rb2 26. Qf4 Nh5 27.
Qxf7 Rxf7 28. Bxh5 gxh5 29. a4 Rfb7 30. Rg2 Rb1+ 31. Rxb1 Rxb1+ 32. Ke2 Ra1 33.
Rg5 Rxa4 34. f4 Ra2+ 35. Kf3 Rb2 36. f5 Rb8 37. f6 Rf8 38. Rf5 Kg8 39. Kf4 h6
40. e5 dxe5+ 41. Kxe5 Re8+ 42. Kd5 Kf7 43. Kxc5 Re6 44. Kxd4 Rxf6 45. Rxf6+
Kxf6 46. Ke4 a5 47. Kd4 Kf5 48. Kc3 Kg4 49. c5 Kf5 50. d4 Ke6 51. Kc4 a4 52.
Kb4 Kd5 53. Kxa4 Kc6 54. Kb4 Kc7 55. d5 Kb7 56. d6 Kc8 57. c6 Kd8 58. Kc5 Kc8
59. Kb6 Kd8 60. Kb7 1-0

[Event "Eastpointe (US Am N/1b/16)"]
[Site "?"]
[Date "1994.??.??"]
[Round "?"]
[White "Sturgis, Derreck"]
[Black "Mankiewicz, Ryan"]
[Result "0-1"]
[WhiteElo "1605"]
[BlackElo "1770"]
[PlyCount "60"]
[EventDate "1994.??.??"]

1. e4 e6 2. d4 d5 3. e5 c5 4. c3 Nc6 5. Bb5 Qb6 6. a4 Bd7 7. Bxc6 Bxc6 8. f4
cxd4 9. cxd4 Bb4+ 10. Nc3 Ne7 11. g4 Rc8 12. Nge2 Qa5 13. O-O h5 14. g5 b5 15.
Ng3 g6 16. Bd2 bxa4 17. Nxa4 Bxd2 18. Nc5 Be3+ 19. Kg2 Qb4 20. Na6 Qxb2+ 21.
Ne2 Bb5 22. Rb1 Qxe2+ 23. Qxe2 Bxe2 24. Rfe1 Bxa6 25. Rxe3 Nf5 26. Reb3 Kd7 27.
Ra3 Rc6 28. Rba1 Rhc8 29. Rxa6 Rc2+ 30. Kf3 R8c3# 0-1

[Event "Detroit (CAO/5/12)"]
[Site "?"]
[Date "1994.??.??"]
[Round "?"]
[White "Sturgis, Derreck"]
[Black "Luckett, A."]
[Result "1-0"]
[WhiteElo "1605"]
[BlackElo "1605"]
[PlyCount "97"]
[EventDate "1994.??.??"]

{5/(12)} 1. e4 e5 2. Nf3 Nc6 3. Bb5 Bc5 4. O-O Nf6 5. Bxc6 bxc6 6. Nxe5 O-O 7.
d4 Bb6 8. Re1 c5 9. c3 cxd4 10. cxd4 d6 11. Nc4 Re8 12. Nc3 Ba6 13. Nxb6 cxb6
14. Bg5 Re6 15. e5 dxe5 16. dxe5 Qxd1 17. Raxd1 Ng4 18. f4 Rae8 19. h3 f6 20.
Bh4 Nh6 21. Nd5 R8e7 22. Nxe7+ Rxe7 23. exf6 Rf7 24. Rd8+ Rf8 25. Ree8 Rxe8 26.
Rxe8+ Kf7 27. Re7+ Kg8 28. fxg7 Nf5 29. Rxa7 Bc4 30. b3 Bd5 31. Bf6 h5 32. g4
hxg4 33. hxg4 Nh6 34. Rd7 Be6 35. Rd8+ Kh7 36. g5 Ng8 37. Re8 Bf7 38. Rf8 Be6
39. Kf2 Bd5 40. Kg3 Be6 41. Kf3 Bd5+ 42. Ke3 Be6 43. Kd4 b5 44. Ke5 Bg4 45. f5
Bxf5 46. Kxf5 b4 47. g6+ Kh6 48. Rxg8 Kh5 49. Rh8# 1-0

[Event "Eastpointe (US Am N/5/41)"]
[Site "?"]
[Date "1994.??.??"]
[Round "?"]
[White "Sturgis, Derreck"]
[Black "Kas-Mikha, N."]
[Result "1-0"]
[WhiteElo "1605"]
[BlackElo "1605"]
[PlyCount "121"]
[EventDate "1994.??.??"]

{5/(41)} 1. e4 e5 2. Nf3 Bc5 3. Nxe5 Qf6 4. d4 Bb6 5. Nf3 Nc6 6. d5 Nd4 7. c3
Nxf3+ 8. Qxf3 Nh6 9. Qxf6 gxf6 10. h3 f5 11. Bxh6 fxe4 12. Bg7 Rg8 13. Bh6 Rg6
14. Be3 Bxe3 15. fxe3 Rg3 16. Kf2 Rg5 17. g4 f5 18. Be2 d6 19. Nd2 c6 20. c4
fxg4 21. hxg4 Bxg4 22. Nxe4 Rg7 23. Nf6+ Ke7 24. Nxg4 Rf8+ 25. Kg3 h5 26. Rxh5
Rgf7 27. Rah1 cxd5 28. cxd5 Rc8 29. Rh7 Rc2 30. Rxf7+ Kxf7 31. Rh7+ Kg6 32.
Rh6+ Kg7 33. Bd3 Rxb2 34. Rh7+ Kg8 35. a4 Rd2 36. Be4 Ra2 37. Rxb7 Rxa4 38. Kf3
a5 39. Nf6+ Kf8 40. Kf4 Rc4 41. Rb8+ Ke7 42. Kf5 a4 43. Ra8 Rc1 44. Ra7+ Kd8
45. Ke6 Kc8 46. Kxd6 Rc3 47. Rxa4 Rxe3 48. Bf5+ Kb7 49. Rb4+ Ka6 50. Bc8+ Ka5
51. Rb7 Rc3 52. Kd7 Rf3 53. Ne4 Rf7+ 54. Kc6 Rf8 55. Nd6 Rf6 56. Rb5+ Ka4 57.
Ba6 Rf8 58. Kc5 Ra8 59. Rb4+ Ka5 60. Bb7 Rb8 61. Nc4# 1-0

[Event "Eastpointe (EDO/2/22)"]
[Site "?"]
[Date "1994.??.??"]
[Round "?"]
[White "Sturgis, Derreck"]
[Black "Jointer, William"]
[Result "0-1"]
[WhiteElo "1605"]
[BlackElo "1700"]
[PlyCount "94"]
[EventDate "1994.??.??"]

{2/(22)} 1. e4 g6 2. d4 Bg7 3. Nf3 d6 4. c4 Nf6 5. Nc3 O-O 6. Bg5 c6 7. Qd2 Re8
8. Bh6 Bh8 9. Be2 a6 10. e5 Ng4 11. Bg5 dxe5 12. h3 exd4 13. hxg4 dxc3 14. Qxd8
Rxd8 15. Bxe7 cxb2 16. Rb1 Re8 17. Ba3 Bc3+ 18. Nd2 Bxg4 19. f3 Bf5 20. Kf2
Bxb1 21. Rxb1 Bxd2 22. Rxb2 Bc3 23. Rxb7 c5 24. Rc7 Bd4+ 25. Kf1 a5 26. Bxc5
Bxc5 27. Rxc5 Nd7 28. Rc7 Red8 29. c5 Rac8 30. Rxc8 Rxc8 31. c6 Rxc6 32. Bb5
Rc1+ 33. Kf2 Nc5 34. a4 Rc2+ 35. Kg3 Ra2 36. Kf4 Nxa4 37. Bc4 Rxg2 38. Ke5 h5
39. Kf6 h4 40. Bxf7+ Kf8 41. Be6 Rg3 42. Bg4 h3 43. Bd7 h2 44. Bxa4 h1=Q 45.
Bc6 Qh4+ 46. Ke5 Rg5+ 47. Ke6 Qc4+ 0-1